000
00304 a2200145 4500
001
168209
020
_a
040
_c
Magnum
100
_a
Keleman, Stanley
240
1
0
_a
Anatomia emocional
_l
por
245
1
0
_a
Anatomia emocional
362
0
_a
1899
697
_a
CIENCIAS MEDICAS SAUDE
942
_c
BK
999
_c
168209
_d
168209